[Event "66th HUN-ch Women 2018"]
[Site "Budapest"]
[Date "2018.12.07"]
[Round "5"]
[White "Havanecz, Bianka"]
[Black "Terbe, Julianna"]
[Result "1-0"]
[WhiteElo "2247"]
[BlackElo "2272"]
[Annotator "RC"]
[PlyCount "89"]
[EventDate "2018.12.03"]
[EventType "tourn"]
[EventCountry "HUN"]
[SourceTitle "playchess.com"]
[Source "ChessBase"]
[SourceQuality "1"]
[TimeControl "40/5400+30:1800+30"]

1. d4 {[%emt 0:00:01]} Nf6 {[%emt 0:00:04]} 2. c4 {[%emt 0:00:15]} g6 {[%emt 0:00:10]} 3. Nf3 {[%emt 0:00:10]} Bg7 {[%emt 0:00:12]} 4. Nc3 {[%emt 0:00:24]} O-O {[%emt 0:00:06]} 5. e4 {[%emt 0:00:51]} d6 {[%emt 0:00:07]} 6. Be2 {[%emt 0:00:27]} e5 {[%emt 0:00:34]} 7. d5 {[%emt 0:01:12]} Nbd7 {[%emt 0:03:19]} 8. Bg5 {[%emt 0:00:40]} h6 {[%emt 0:00:30]} 9. Be3 {[%emt 0:13:45]} Ng4 {[%emt 0:03:37]} 10. Bd2 {[%emt 0:05:32]} f5 {[%emt 0:01:08]} 11. exf5 {[%emt 0:02:37]} gxf5 {[%emt 0:00:47]} 12. h3 {[%emt 0:04:02]} Ngf6 {[%emt 0:04:07]} 13. O-O {[%emt 0:13:46]} Nc5 {[%emt 0:06:02]} 14. Be1 {[%emt 0:06:35]} a5 {[%emt 0:10:58]} 15. Nh2 {[%emt 0:01:42]} Nfe4 {[%emt 0:06:25]} 16. Nxe4 {[%emt 0:04:35]} fxe4 {[%emt 0:02:08]} 17. Bg4 {[%emt 0:02:25]} Bxg4 {[%emt 0:08:32]} 18. Qxg4 {[%emt 0:00:14]} Rf4 {[%emt 0:03:37]} 19. Qe2 {[%emt 0:01:25]} b6 {[%emt 0:04:49]} 20. Bd2 {[%emt 0:01:56]} Rf6 {[%emt 0:01:34]} 21. a4 {[%emt 0:06:23]} Rg6 {[%emt 0:06:29]} 22. Qh5 {[%emt 0:10:47]} Qe8 {[%emt 0:06:15]} 23. Ng4 {[%emt 0:00:06]} Nb3 {[%emt 0:00:31]} 24. Rad1 {[%emt 0:00:14]} Kh7 {[%emt 0:01:37]} 25. Qf5 {[%emt 0:01:52]} Nxd2 {[%emt 0:01:13]} 26. Rxd2 {[%emt 0:00:01]} Qxa4 {[%emt 0:00:15]} 27. Qxe4 {[%emt 0:00:14]} Rf8 {[%emt 0:03:55]} 28. g3 {[%emt 0:01:30]} h5 {[%emt 0:04:15]} 29. Ne3 {[%emt 0:01:29]} Rf4 {[%emt 0:02:08]} 30. Qb1 {[%emt 0:03:49]} Bh6 {[%emt 0:05:42]} 31. Re2 {[%emt 0:05:35]} Qd7 {[%emt 0:03:12]} 32. Kh2 {[%emt 0:00:23]} h4 {[%emt 0:08:28]} 33. Rg1 {[%emt 0:04:55]} Kg7 {[%emt 0:01:56]} 34. Qxg6+ {[%emt 0:01:37]} Kxg6 {[%emt 0:00:01]} 35. gxf4+ {[%emt 0:00:05]} Kf7 {[%emt 0:01:49]} 36. fxe5 {[%emt 0:01:22]} Bf4+ {[%emt 0:00:06]} 37. Kg2 {[%emt 0:00:03]} dxe5 {[%emt 0:00:10]} 38. Ng4 {[%emt 0:00:39]} Qa4 {[%emt 0:00:47]} 39. Nxe5+ {[%emt 0:02:42]} Bxe5 {[%emt 0:00:01]} 40. Rxe5 {[%emt 0:00:00]} Qxc4 {[%emt 0:00:00]} 41. Rge1 {[%emt 0:00:20]} Qb3 {[%emt 0:05:48]} 42. Re7+ {[%emt 0:04:38]} Kf6 {[%emt 0:00:08]} 43. R1e6+ {[%emt 0:01:48]} Kf5 {[%emt 0:00:19]} 44. Rf7+ {[%emt 0:01:24]} Kg5 {[%emt 0:00:02]} 45. f4+ {[%emt 0:00:12]} 1-0

[Event "66th HUN-ch Women 2018"]
[Site "Budapest"]
[Date "2018.12.07"]
[Round "5"]
[White "Varga, Klara"]
[Black "Lakos, Nikoletta"]
[Result "1/2-1/2"]
[WhiteElo "2242"]
[BlackElo "2243"]
[Annotator "TA"]
[PlyCount "82"]
[EventDate "2018.12.03"]
[EventType "tourn"]
[EventCountry "HUN"]
[SourceTitle "playchess.com"]
[Source "ChessBase"]
[SourceQuality "1"]

{[%evp 9,82,-9,-6,-22,-22,-55,-62,-68,-60,-75,-36,-69,-66,-72,-60,-65,-70,-97,-58,-77,-88,-285,-178,-178,-110,-116,-116,-116,-114,-113,-117,-133,-112,-127,-102,-100,-80,-99,-65,-79,-75,-111,-112,-110,-101,-96,-102,-110,-103,-116,-118,-122,-131,-117,-51,-35,0,0,0,0,0,0,0,0,0,-7,-10,-12,0,0,-3,-3,0,-11,-50]} 1. c4 d6 2. Nc3 e5 3. Nf3 f5 4. e4 c5 5. d3 Nc6 {LiveBook: 5 Games} 6. Bg5 {A21: English Opening: 1...e5 2 Nc3} (6. g3 Nf6 7. Bg2 Be7 8. O-O O-O 9. exf5 Bxf5 10. Ng5 Qd7 11. Nd5 h6 12. Nxf6+ Bxf6 {½-½ (57) Meskovs,N (2476)-Ismagambetov,A (2542) Baku 2016}) 6... Be7 7. Qd2 f4 $146 ({Predecessor:} 7... h6 8. Bxe7 Ngxe7 9. Nd5 Nxd5 10. cxd5 Nd4 11. Nxd4 cxd4 12. Be2 O-O 13. O-O fxe4 14. dxe4 {0-1 (20) Devaux,V-Castilla,T ICCF email 2012}) 8. Bxe7 {Black is slightly better.} Ngxe7 9. Be2 a6 10. a3 O-O 11. Rb1 Bg4 12. Ng5 Bd7 13. b4 b6 14. Bd1 Nd4 15. b5 $2 {[#]} (15. Nf3 $17 {was called for.}) 15... h6 16. Nf3 Nxf3+ (16... axb5 $19 17. Nxd4 exd4 18. Nxb5 Bxb5 19. Rxb5 Rxa3) 17. Bxf3 $17 axb5 18. Nxb5 Bxb5 19. cxb5 Rxa3 20. O-O Qa8 21. Bg4 Kf7 22. g3 Qa5 23. Qe2 Qc3 24. Rfd1 Kg8 25. Rbc1 Qb3 26. Rb1 Qf7 27. Ra1 Rfa8 28. Qf1 h5 29. Bh3 g5 {[%cal Bg7g5,Bg5g4][%mdl 32] Strongly threatening ...g4.} 30. Rxa3 Rxa3 31. Ra1 {[#]} Rxa1 (31... Ra2 $1 $17 {aiming for ...g4.} 32. gxf4 gxf4 33. Rxa2 Qxa2) 32. Qxa1 $15 g4 (32... Qf8 {seems wilder.} 33. Qa2+ Kg7 34. Qe6 g4 35. Bf1 Qd8) 33. Bf1 $1 {The position is equal.} fxg3 (33... Qe6 {keeps more tension.} 34. Qa7 d5 35. gxf4 exf4 36. Qb8+ Kg7) 34. hxg3 Nc8 35. Qa8 Qd7 36. Be2 Kg7 37. Qd5 Ne7 38. Qc4 d5 39. Qc1 Kg6 40. Qa1 Qd6 41. Qa8 d4 {Accuracy: White = 51%, Black = 55%.} 1/2-1/2

[Event "66th HUN-ch Women 2018"]
[Site "Budapest"]
[Date "2018.12.07"]
[Round "5"]
[White "Gal, Hanna Krisztina"]
[Black "Terbe, Zsuzsanna"]
[Result "1/2-1/2"]
[WhiteElo "2189"]
[BlackElo "2180"]
[Annotator "RC"]
[PlyCount "169"]
[EventDate "2018.12.03"]
[EventType "tourn"]
[EventCountry "HUN"]
[SourceTitle "playchess.com"]
[Source "ChessBase"]
[SourceQuality "1"]
[TimeControl "40/5400+30:1800+30"]

1. e4 {[%emt 0:00:01]} c5 {[%emt 0:00:06]} 2. Nf3 {[%emt 0:00:06]} Nc6 {[%emt 0:00:07]} 3. Bb5 {[%emt 0:00:08]} g6 {[%emt 0:00:14]} 4. Bxc6 {[%emt 0:00:15]} bxc6 {[%emt 0:01:38]} 5. O-O {[%emt 0:00:15]} Bg7 {[%emt 0:00:11]} 6. Re1 {[%emt 0:00:12]} Nh6 {[%emt 0:04:52]} 7. c3 {[%emt 0:00:23]} O-O {[%emt 0:00:28]} 8. h3 {[%emt 0:00:10]} Rb8 {[%emt 0:07:53]} 9. d3 {[%emt 0:04:40]} d6 {[%emt 0:00:52]} 10. Na3 {[%emt 0:03:27]} f6 {[%emt 0:02:24]} 11. Qa4 {[%emt 0:08:46]} Qc7 {[%emt 0:09:02]} 12. d4 {[%emt 0:05:59]} cxd4 {[%emt 0:02:16]} 13. Nxd4 {[%emt 0:01:40]} Bd7 {[%emt 0:03:04]} 14. Qc4+ {[%emt 0:01:59]} Nf7 {[%emt 0:00:20]} 15. Ne6 {[%emt 0:02:19]} Bxe6 {[%emt 0:01:45]} 16. Qxe6 {[%emt 0:00:05]} Qc8 {[%emt 0:07:12]} 17. Qxc8 {[%emt 0:05:10]} Rfxc8 {[%emt 0:00:17]} 18. Nc4 {[%emt 0:04:14]} d5 {[%emt 0:02:33]} 19. exd5 {[%emt 0:07:04]} cxd5 {[%emt 0:00:11]} 20. Na5 {[%emt 0:01:09]} Rc7 {[%emt 0:07:21]} 21. Nb3 {[%emt 0:04:46]} e5 {[%emt 0:07:22]} 22. Rd1 {[%emt 0:03:15]} Rb5 {[%emt 0:05:51]} 23. Rb1 {[%emt 0:18:57]} Nd6 {[%emt 0:09:43]} 24. Nd2 {[%emt 0:04:17]} Nf5 {[%emt 0:01:23]} 25. a4 {[%emt 0:05:02]} Rb8 {[%emt 0:00:44]} 26. Ra1 {[%emt 0:03:14]} Kf7 {[%emt 0:06:23]} 27. Ra3 {[%emt 0:01:57]} Ke6 {[%emt 0:02:39]} 28. b4 {[%emt 0:02:56]} d4 {[%emt 0:05:07]} 29. g4 {[%emt 0:04:14]} dxc3 {[%emt 0:01:30]} 30. gxf5+ gxf5 {[%emt 0:00:06]} 31. Nb3 {[%emt 0:02:40]} Rxb4 {[%emt 0:00:29]} 32. Be3 {[%emt 0:01:55]} Bf8 {[%emt 0:00:36]} 33. Rc1 {[%emt 0:02:46]} Rbb7 {[%emt 0:06:23]} 34. Nc5+ {[%emt 0:00:33]} Bxc5 {[%emt 0:00:13]} 35. Raxc3 {[%emt 0:00:08]} Bb6 {[%emt 0:02:45]} 36. Rxc7 {[%emt 0:00:00]} Bxc7 {[%emt 0:00:57]} 37. Rc6+ {[%emt 0:00:07]} Kf7 {[%emt 0:00:53]} 38. Bd2 {[%emt 0:00:52]} Bb6 {[%emt 0:00:42]} 39. a5 {[%emt 0:00:00]} Bd4 {[%emt 0:00:00]} 40. Be3 {[%emt 0:00:00]} Bxe3 {[%emt 0:00:00]} 41. fxe3 {[%emt 0:03:59]} Kg6 {[%emt 0:02:59]} 42. Kf2 {[%emt 0:01:29]} Kg5 {[%emt 0:01:27]} 43. Kg3 {[%emt 0:02:03]} f4+ {[%emt 0:03:16]} 44. exf4+ {[%emt 0:00:22]} exf4+ {[%emt 0:00:12]} 45. Kf3 {[%emt 0:00:31]} Rb3+ {[%emt 0:00:30]} 46. Kg2 {[%emt 0:00:18]} Rg3+ {[%emt 0:01:02]} 47. Kh2 {[%emt 0:01:36]} Ra3 {[%emt 0:00:23]} 48. Ra6 {[%emt 0:01:10]} Kh4 {[%emt 0:01:39]} 49. Rxa7 {[%emt 0:00:35]} Ra2+ {[%emt 0:01:05]} 50. Kg1 {[%emt 0:00:19]} h5 {[%emt 0:05:03]} 51. a6 {[%emt 0:03:00]} Kxh3 {[%emt 0:02:15]} 52. Rg7 {[%emt 0:03:17]} Rxa6 {[%emt 0:02:24]} 53. Kf2 {[%emt 0:00:07]} Ra3 {[%emt 0:01:13]} 54. Rg6 {[%emt 0:00:42]} f5 {[%emt 0:01:43]} 55. Rg5 {[%emt 0:02:20]} Kh4 {[%emt 0:00:37]} 56. Rg8 {[%emt 0:01:13]} Rg3 {[%emt 0:00:32]} 57. Rh8 {[%emt 0:00:24]} Rh3 {[%emt 0:01:54]} 58. Rg8 {[%emt 0:00:20]} Ra3 {[%emt 0:01:02]} 59. Rh8 {[%emt 0:03:14]} Kg5 {[%emt 0:02:46]} 60. Rg8+ {[%emt 0:00:05]} Kf6 {[%emt 0:00:04]} 61. Rf8+ {[%emt 0:01:32]} Kg6 {[%emt 0:00:06]} 62. Rg8+ {[%emt 0:00:14]} Kf7 {[%emt 0:04:36]} 63. Rg5 {[%emt 0:00:11]} Kf6 {[%emt 0:00:04]} 64. Rxh5 {[%emt 0:00:05]} Ke5 {[%emt 0:05:58]} 65. Rh8 {[%emt 0:00:26]} f3 {[%emt 0:00:04]} 66. Rh4 {[%emt 0:00:35]} Rb3 {[%emt 0:01:09]} 67. Ra4 {[%emt 0:00:23]} Kf6 {[%emt 0:00:19]} 68. Ra6+ {[%emt 0:01:42]} Kg5 {[%emt 0:00:07]} 69. Ra4 {[%emt 0:00:04]} Rd3 {[%emt 0:01:46]} 70. Rb4 {[%emt 0:00:11]} Rc3 {[%emt 0:00:31]} 71. Ra4 {[%emt 0:00:04]} Kf6 {[%emt 0:00:04]} 72. Ra6+ {[%emt 0:00:25]} Ke5 {[%emt 0:00:16]} 73. Ra4 {[%emt 0:00:03]} Rd3 {[%emt 0:00:44]} 74. Rb4 {[%emt 0:00:12]} Ra3 {[%emt 0:01:06]} 75. Rc4 {[%emt 0:00:16]} Rd3 {[%emt 0:00:44]} 76. Ra4 {[%emt 0:00:07]} f4 {[%emt 0:00:35]} 77. Ra8 {[%emt 0:00:22]} Rc3 {[%emt 0:00:39]} 78. Re8+ {[%emt 0:00:07]} Kd4 {[%emt 0:00:16]} 79. Rd8+ {[%emt 0:00:08]} Ke4 {[%emt 0:00:08]} 80. Re8+ {[%emt 0:00:03]} Kd3 {[%emt 0:00:03]} 81. Rd8+ {[%emt 0:00:14]} Kc2 {[%emt 0:00:08]} 82. Rd4 {[%emt 0:00:26]} Rd3 {[%emt 0:00:07]} 83. Rxd3 {[%emt 0:00:07]} Kxd3 {[%emt 0:00:03]} 84. Kxf3 {[%emt 0:00:04]} Kd4 {[%emt 0:00:03]} 85. Kxf4 {[%emt 0:00:04]} 1/2-1/2

[Event "66th HUN-ch Women 2018"]
[Site "Budapest"]
[Date "2018.12.07"]
[Round "5"]
[White "Juhasz, Barbara"]
[Black "Egyed, Judit"]
[Result "1-0"]
[WhiteElo "2176"]
[BlackElo "2045"]
[Annotator "TA"]
[PlyCount "103"]
[EventDate "2018.12.03"]
[EventType "tourn"]
[EventCountry "HUN"]
[SourceTitle "playchess.com"]
[Source "ChessBase"]
[SourceQuality "1"]

{[%evp 16,103,0,0,0,0,14,-4,0,0,0,0,6,0,0,0,8,15,22,-77,0,0,0,0,4,0,33,34,34,41,50,46,56,50,55,41,93,98,100,98,150,130,149,139,150,111,175,175,175,174,239,239,238,252,255,251,349,285,265,64,509,504,485,420,1121,1002,29966,29967,29961,10286,29982,29983,29981,29982,29982,29983,29983,29984,29984,29985,29985,29986,29988,29989,29989,29990,29995,29986,29996,29997]} 1. e4 c5 2. Nf3 d6 3. Bb5+ Bd7 4. Bxd7+ Nxd7 5. Qe2 Ngf6 6. O-O g6 7. b3 {B52: Sicilian: Moscow Variation with 3...Bd7} (7. c3 Bh6 8. d4 Bxc1 9. Rxc1 O-O 10. e5 Nh5 11. Nbd2 dxe5 12. dxe5 Qb6 13. Nc4 Qa6 14. Qe4 Rad8 15. Rd1 {½-½ (60) Caruana,F (2787)-Nakamura,H (2793) Saint Louis 2015}) 7... Bg7 8. Bb2 O-O 9. c4 {LiveBook: 4 Games. The position is equal.} e5 10. Nc3 Nh5 11. Nd5 Ndf6 12. Nxf6+ Qxf6 13. g3 $146 ({Predecessor:} 13. Rfc1 Nf4 14. Qf1 Qe6 {½-½ (47) Tuma,J (2053)-Belunek,V (2260) Ostrava 2016}) 13... Qe6 14. Nh4 {[%cal Bf3h4,Bh4g2,Bg2e3,Be3d5][%mdl 32]} Qh3 15. Ng2 f5 16. exf5 gxf5 17. f4 {[#]} (17. Nh4 $11 Qg4 18. Qxg4 fxg4 19. f3) 17... Rae8 (17... exf4 $1 $17 18. Bxg7 fxg3 19. hxg3 Kxg7 20. Qe7+ Kh8) 18. fxe5 $11 dxe5 {And now ...f4 would win.} 19. Bc3 Nf6 20. Ne3 Ne4 (20... f4 $5 21. gxf4 exf4 22. Rxf4 Ne4 23. Rxf8+ Rxf8 $11) 21. Qg2 $36 {[%mdl 2048] White is pushing.} Qxg2+ 22. Kxg2 Nxc3 23. dxc3 f4 24. Nd5 Rf7 25. Rae1 {[%cal Rd5f4]} Ref8 (25... fxg3 $14 26. hxg3 (26. Kxg3 Re6 $11) 26... b6) 26. gxf4 $16 exf4 27. Kf3 h6 (27... Rd8 $142) 28. Re4 Kh7 29. Rg1 b6 30. Rg4 Bh8 (30... Rd7 $16) 31. a4 $18 (31. Rexf4 $6 Be5 $16) 31... Bg7 32. b4 (32. Rgxf4 Rxf4+ 33. Rxf4 h5 $16) (32. Rexf4 $6 Be5 $14) 32... Rf5 (32... Rc8 {might work better.} 33. Rgxf4 (33. Rexf4 Rcf8 $16) 33... Rxf4+ 34. Kxf4 (34. Rxf4 Rf8 $16) 34... cxb4) 33. Re7 (33. Rgxf4 $6 Rxf4+ 34. Rxf4 h5 $16) (33. Rexf4 $6 h5 $16) 33... R5f7 34. Rxf7 ({Resist} 34. Rxf4 $6 Rxe7 35. Nxe7 Bf6) 34... Rxf7 35. Rxf4 Rxf4+ 36. Kxf4 {[%mdl 4096] Endgame KB-KN} Kg6 37. a5 $2 {[#]} (37. bxc5 $18 {Threatens to win with c6.} bxc5 38. Ke4) 37... Bf8 $2 {[%mdl 8192]} ({Black should try} 37... bxa5 $1 $14 38. bxa5 (38. bxc5 Kf7 $11) 38... a6) 38. axb6 axb6 39. Ke5 Kg5 (39... cxb4 $142 40. cxb4 Kf7) 40. b5 Kg4 41. Nxb6 Bg7+ 42. Ke4 h5 43. Nd7 {White mates.} Bxc3 44. b6 Ba5 45. b7 Bc7 46. b8=Q Bxb8 47. Nxb8 {KN-KPP} h4 48. Nd7 Kh3 49. Kf3 Kxh2 50. Nxc5 h3 51. Kf2 Kh1 52. Ne4 {Accuracy: White = 70%, Black = 26%.} 1-0

[Event "66th HUN-ch Women 2018"]
[Site "Budapest"]
[Date "2018.12.07"]
[Round "5"]
[White "Erdos, Boglarka"]
[Black "Gaal, Zsoka"]
[Result "0-1"]
[WhiteElo "2137"]
[BlackElo "2020"]
[Annotator "TA"]
[PlyCount "207"]
[EventDate "2018.12.03"]
[EventType "tourn"]
[EventCountry "HUN"]
[SourceTitle "playchess.com"]
[Source "ChessBase"]
[SourceQuality "1"]

{[%evp 21,207,32,33,0,10,0,0,0,31,32,67,40,190,182,190,181,178,166,179,130,168,90,105,77,131,112,106,101,113,5,138,96,156,145,183,187,223,83,81,79,66,58,87,89,366,361,519,306,308,-90,-91,-206,0,-200,-209,-441,-439,-425,-421,-829,-791,-719,-591,-583,-591,-562,-204,-205,-197,-425,-434,-789,-27,-27,0,0,0,0,0,-388,-381,-382,-378,-775,-811,-800,-798,-671,-370,-354,-342,-320,-262,-256,-261,-257,-256,-259,-245,-245,-240,-227,-150,-345,-306,-446,-393,-714,-536,-529,-521,-510,-502,-763,-761,-691,-730,-708,-647,-778,-733,-678,-715,-848,-821,-794,-811,-800,-574,-457,0,-684,-575,-784,-786,-631,-641,-897,-771,-907,-903,-897,-870,-861,-852,-822,-820,-1206,-1074,-931,-604,-704,-541,-494,-477,-883,-885,-849,-775,-806,-725,-1654,-469,-750,-30,-30,-30,-29977,-29978,-29978,-29978,-29978,-29979,-29979,-29980,-29980,-29980,-29980,-29981,-29990,-29982,-29982,-29983,-29985,-29987,-29987,-29988,-29989]} 1. Nf3 Nf6 2. g3 g6 3. Bg2 Bg7 4. O-O O-O 5. d4 d6 6. c4 Nbd7 7. Qc2 e5 8. Rd1 Qe7 9. Nc3 c6 10. e4 exd4 11. Nxd4 Ne5 {LiveBook: 22 Games} 12. Nce2 {E68: King's Indian: Fianchetto: 6...Nbd7 7 0-0 e5 8 e4} (12. Qe2 Re8 13. h3 a6 14. Bf4 Rb8 15. Rac1 Bd7 16. a4 Rbd8 17. b3 Bc8 18. Qc2 a5 19. Rd2 Nfd7 {0-1 (45) Neverov,V (2502)-Demchenko,A (2603) St Petersburg 2012}) 12... c5 13. Nb5 $146 ({Predecessor:} 13. Nf3 Nc6 14. Nc3 Bg4 15. Bg5 Nd4 16. Qd3 Qe6 17. Nxd4 cxd4 18. Bxf6 Qxf6 19. Nd5 Qd8 {0-1 (34) Kolarov,A (2400)-Kolev,A (2350) Albena 1986}) 13... Bg4 14. h3 {The position is equal.} Bxe2 15. Qxe2 Nc6 16. Bf4 Rfd8 (16... Ne8 $1 $14) 17. Bxd6 $18 Rxd6 18. Nxd6 ({Don't take} 18. Rxd6 a6 $16) 18... Nd4 19. Rxd4 $1 cxd4 {[#]} 20. Nxb7 $1 {[%mdl 512]} Nd7 (20... Qxb7 21. e5) 21. Na5 (21. e5 $1 $18) 21... Ne5 $16 22. Qd2 {And now f4 would win.} d3 (22... Rc8 $142) 23. Rc1 Rb8 {White must now prevent ...Rxb2!} 24. Nb3 Qe6 25. c5 (25. f4 $16 Qa6 26. Qa5 (26. fxe5 Qxa2 27. Qxd3 Qxb3 $11) 26... Qxa5 27. Nxa5) 25... Rd8 (25... Qa6 $11 {remains equal.} 26. c6 Nxc6) 26. Qa5 Bf6 ({Black should try} 26... Nc6 27. Qd2 Ne5) 27. Qxa7 d2 28. Rd1 Nc4 {[#]} 29. c6 $1 Qxc6 {[#]} 30. e5 $1 Qe6 (30... Nxe5 31. Bxc6) 31. Qc7 Rc8 32. Qb7 {Bd5 is the strong threat.} Bxe5 $2 {[%mdl 8192]} (32... Rd8 $16) 33. Bd5 $18 (33. Nxd2 Rd8 $17) 33... Qxh3 (33... Qf5 {is a better defense.} 34. g4 Nd6) 34. Bxf7+ Kh8 {aiming for ...Bxg3!} 35. Qe4 $2 (35. Bxc4 $1 $18 Rxc4 36. Rxd2) 35... Qh5 $1 $17 {[%cal Rh5d1][%mdl 1024] Black has strong compensation.} 36. g4 (36. Rxd2 $17 Nxd2 37. Nxd2) 36... Qh2+ $19 37. Kf1 Nd6 $40 {[%mdl 128] Black has strong attack.} (37... Nxb2 38. Rxd2 Rf8 39. Rd7 $11) 38. Qd5 $2 (38. Qg2 Qxg2+ 39. Kxg2 Nxf7 40. Rxd2) 38... Qh3+ 39. Ke2 {[%cal Rd5e5]} Qxg4+ 40. f3 (40. Qf3 $142 Qxf3+ 41. Kxf3) 40... Qg2+ 41. Kd3 Bxb2 42. Nc5 {Now Be6 and White clings on.} Nxf7 (42... Nf5 $2 43. Be6 $19) 43. Qxf7 Qg5 $2 (43... Be5 {Strongly threatening ...Qf2.} 44. a3 Qf2) 44. Ne4 Qe5 45. Rxd2 $2 (45. Ke3 {keeps fighting.}) 45... Bc1 $1 ({Weaker is} 45... Qb5+ 46. Ke3 $17) 46. Rc2 (46. Qd7 $142 Rc7 47. Qd8+ Kg7 48. Ke2 Bxd2 49. Qxd2) 46... Rd8+ $2 (46... Qb5+ $1 $19 47. Rc4 Qb1+ 48. Ke2 Qxa2+ 49. Ke1 Qxc4 50. Qf6+ Kg8) 47. Ke2 $11 Qb5+ 48. Kf2 {White threatens Qf6+ and mate.} Bb2 49. Rc7 {[%csl Gc7][%cal Rf7h7]} Bd4+ 50. Kg2 $2 {[%mdl 8192] [#]} (50. Ke1 $1 $11 {and White stays safe.} Qb1+ 51. Ke2 Qb2+ 52. Kf1 Qa1+ 53. Ke2 Qb2+ 54. Kf1 Qa1+ 55. Ke2 Qb2+) 50... Qe2+ $1 $19 51. Kh3 {[%csl Gc7][%cal Rf7h7]} Qf1+ 52. Kg4 $2 (52. Kh4 Qh1+ 53. Kg3 Be5+ 54. Kf2) 52... Qg2+ ({Worse is} 52... Qh1 53. Ng3 $11) 53. Kf4 Qh2+ 54. Kg4 Qh5+ 55. Kg3 Be5+ 56. Kf2 {White hopes to continue with Rd7.} Bxc7 57. Qf6+ Kg8 58. Qe6+ Kg7 59. Qe7+ Kh6 {( -> ...Qh2+)} 60. Qxc7 {[%mdl 4096] Endgame KQR-KQN} Qh4+ 61. Ke2 Rf8 {Hoping for ...Qh1.} 62. Qc1+ $2 (62. Nf2 $17 Re8+ 63. Kf1) 62... Qf4 63. Qh1+ (63. Qc3 $142) 63... Kg7 64. Qh3 $2 (64. Qa1+ Kg8 65. Qc3) 64... Qc7 65. Qe6 Qh2+ 66. Nf2 Qf4 67. Qd5 (67. Qc6 $142) 67... Qf7 68. Qd4+ Kg8 69. Qd3 Qxa2+ 70. Kf1 Qf7 71. Kg2 Qf5 72. Qb3+ Kg7 73. Qc3+ Qf6 74. Qe3 Qf4 75. Qc3+ Qf6 (75... Kg8 $142 76. Ne4 Rf7) 76. Qe3 Qb2 77. Qe7+ Rf7 78. Qe3 h5 79. Kg3 Qb8+ 80. Kg2 Qf4 81. Qc3+ Qf6 82. Qe3 Re7 83. Ne4 Qe5 84. Qc1 Rc7 85. Qb1 Qd4 86. Nf2 Re7 87. Ne4 Ra7 88. Qb3 (88. Qb8 $142) 88... Qe5 89. Qc4 Rc7 90. Qb3 g5 91. Ng3 g4 (91... h4 $142 92. Ne4 {[#]} g4 $1 {[%mdl 512]}) 92. f4 (92. fxg4 $142 hxg4 93. Qd3) 92... Qc3 $2 (92... Qc5 $19 93. Qe6 Qc2+ 94. Ne2 Qc6+ 95. Qxc6 Rxc6) 93. Nxh5+ $11 Kh6 94. Qe6+ $2 {[%mdl 8192]} (94. Qxc3 $11 Rxc3 95. Nf6) 94... Kxh5 {Black mates.} 95. Qf5+ Kh6 96. Qg5+ Kh7 97. Qh5+ Kg7 98. Qg5+ Kf7 99. Qd5+ Ke7 100. Qe4+ Kd6 101. Qg6+ Kc5 102. Qf5+ Kb4 103. Qf8+ Kb3 104. Qg8+ {Precision: White = 30%, Black = 44%.} 0-1

[Event "66th HUN-ch Women 2018"]
[Site "Budapest"]
[Date "2018.12.08"]
[Round "6"]
[White "Terbe, Julianna"]
[Black "Varga, Klara"]
[Result "1/2-1/2"]
[WhiteElo "2272"]
[BlackElo "2242"]
[Annotator "NA"]
[PlyCount "102"]
[EventDate "2018.12.03"]
[EventType "tourn"]
[EventCountry "HUN"]
[SourceTitle "playchess.com"]
[Source "ChessBase"]
[SourceQuality "1"]
[TimeControl "40/5400+30:1800+30"]

1. d4 {[%emt 0:00:03]} e6 {[%emt 0:00:49]} 2. Nf3 {[%emt 0:00:11]} Nf6 {[%emt 0:00:10]} 3. Bf4 {[%emt 0:00:05]} c5 {[%emt 0:00:05]} 4. e3 {[%emt 0:00:04]} b6 {[%emt 0:00:03]} 5. Nc3 {[%emt 0:00:04]} Bb7 {[%emt 0:00:04]} 6. Nb5 {[%emt 0:00:06]} Na6 {[%emt 0:01:07]} 7. c3 {[%emt 0:00:16]} cxd4 {[%emt 0:00:28]} 8. exd4 {[%emt 0:01:46]} Be7 {[%emt 0:07:20]} 9. Bd3 {[%emt 0:07:41]} O-O {[%emt 0:15:34]} 10. O-O {[%emt 0:00:41]} d6 {[%emt 0:00:17]} 11. h3 {[%emt 0:00:10]} Nc7 {[%emt 0:00:04]} 12. a4 {[%emt 0:01:05]} a6 {[%emt 0:00:09]} 13. Na3 {[%emt 0:05:10]} Re8 {[%emt 0:01:22]} 14. Re1 {[%emt 0:03:09]} Ncd5 {[%emt 0:02:04]} 15. Bh2 {[%emt 0:01:36]} Bf8 {[%emt 0:00:48]} 16. Nc2 {[%emt 0:02:21]} Nh5 {[%emt 0:01:17]} 17. Qd2 {[%emt 0:05:28]} Qf6 {[%emt 0:01:21]} 18. Be4 {[%emt 0:03:10]} Rab8 {[%emt 0:00:26]} 19. Ng5 {[%emt 0:11:08]} Ndf4 {[%emt 0:05:05]} 20. h4 {[%emt 0:24:48]} h6 {[%emt 0:01:44]} 21. Bxb7 {[%emt 0:12:05]} Rxb7 {[%emt 0:03:18]} 22. Bxf4 {[%emt 0:03:03]} Nxf4 {[%emt 0:00:08]} 23. Ne4 {[%emt 0:00:52]} Qxh4 {[%emt 0:03:47]} 24. g3 {[%emt 0:00:36]} Nh3+ {[%emt 0:00:07]} 25. Kg2 {[%emt 0:02:12]} Qh5 {[%emt 0:00:06]} 26. Rh1 {[%emt 0:01:32]} Qd5 {[%emt 0:03:48]} 27. f3 {[%emt 0:03:15]} Ng5 {[%emt 0:00:15]} 28. Nxg5 {[%emt 0:01:35]} Qxg5 {[%emt 0:00:02]} 29. Qxg5 {[%emt 0:02:01]} hxg5 {[%emt 0:00:02]} 30. Rh5 {[%emt 0:01:27]} f6 {[%emt 0:00:31]} 31. Ne3 {[%emt 0:01:16]} d5 {[%emt 0:03:12]} 32. f4 {[%emt 0:01:35]} gxf4 {[%emt 0:00:33]} 33. gxf4 {[%emt 0:00:01]} g6 {[%emt 0:01:38]} 34. Rh3 {[%emt 0:00:10]} Rh7 {[%emt 0:00:14]} 35. Rxh7 {[%emt 0:00:10]} Kxh7 {[%emt 0:00:02]} 36. Re1 {[%emt 0:00:32]} Re7 {[%emt 0:02:10]} 37. Nc2 {[%emt 0:00:13]} a5 {[%emt 0:01:56]} 38. Kf3 {[%emt 0:01:29]} g5 {[%emt 0:05:00]} 39. fxg5 {[%emt 0:00:43]} fxg5 {[%emt 0:00:02]} 40. Kg4 {[%emt 0:00:00]} Kg6 {[%emt 0:00:00]} 41. Re5 {[%emt 0:04:38]} Kf6 {[%emt 0:08:04]} 42. Ne1 {[%emt 0:02:57]} Rh7 {[%emt 0:11:27]} 43. Nf3 {[%emt 0:00:46]} Rh1 {[%emt 0:01:18]} 44. Nxg5 {[%emt 0:01:54]} Rg1+ {[%emt 0:00:33]} 45. Kh5 {[%emt 0:00:41]} Bd6 {[%emt 0:04:07]} 46. Nh7+ {[%emt 0:04:04]} Ke7 {[%emt 0:00:39]} 47. Re2 {[%emt 0:04:33]} Bf4 {[%emt 0:02:25]} 48. Rf2 {[%emt 0:01:11]} Be3 {[%emt 0:01:13]} 49. Rf3 {[%emt 0:01:51]} Bc1 {[%emt 0:02:52]} 50. Rf2 {[%emt 0:02:09]} Rg7 {[%emt 0:09:58]} 51. Nf6 {[%emt 0:03:00]} Rg1 {[%emt 0:15:43]} 1/2-1/2